MARC details
| 000 -CABECERA |
| campo de control de longitud fija |
02430nam a2200265 a 4500 |
| 001 - NÚMERO DE CONTROL |
| campo de control |
000002007 |
| 005 - FECHA Y HORA DE LA ÚLTIMA TRANSACCIÓN |
| campo de control |
20250703095051.0 |
| 008 - DATOS DE LONGITUD FIJA--INFORMACIÓN GENERAL |
| campo de control de longitud fija |
090630s2007 dr 000 0 spa d |
| 040 ## - FUENTE DE LA CATALOGACIÓN |
| Centro catalogador/agencia de origen |
DO-SdBNP |
| Lengua de catalogación |
spa |
| Centro/agencia transcriptor |
BNPHU |
| 082 ## - NÚMERO DE LA CLASIFICACIÓN DECIMAL DEWEY |
| Número de clasificación |
172 |
| Número de documento/Ítem |
S583e |
| 100 1# - ENTRADA PRINCIPAL--NOMBRE DE PERSONA |
| Nombre de persona |
Silié Gatón, José A., |
| Fechas asociadas al nombre |
1920-2014 |
| 9 (RLIN) |
747 |
| 245 10 - MENCIÓN DE TÍTULO |
| Título |
Ética en política / |
| Mención de responsabilidad, etc. |
José A. Silié Gatón ; prólogo Mario Read Vittini. |
| 260 ## - PUBLICACIÓN, DISTRIBUCIÓN, ETC. |
| Lugar de publicación, distribución, etc. |
Santo Domingo : |
| Nombre del editor, distribuidor, etc. |
Centenario, |
| Fecha de publicación, distribución, etc. |
2007. |
| 300 ## - DESCRIPCIÓN FÍSICA |
| Extensión |
481 p. ; |
| Dimensiones |
23 cm. |
| 490 1# - MENCIÓN DE SERIE |
| Mención de serie |
Vaganiona |
| 504 ## - NOTA DE BIBLIOGRAFÍA, ETC. |
| Nota de bibliografía, etc. |
Bibliografía: p. 478-481 |
| 505 0# - NOTA DE CONTENIDO CON FORMATO |
| Nota de contenido con formato |
Prólogo -- Prefacio -- Consideraciones generales -- Ética política -- Dignidad política -- Desarrollo político -- Democracia política -- Lealtad política -- Transfuguismo político -- Liberación ética de los partidos -- Dirección moral de partidos -- Credibilidad política -- Propuestas políticas -- El temor de ser político militante -- El orgullo de ser político -- Promoción política -- Prestigio de los partidos -- Comportamiento de altura política -- Moral política -- El crédito político -- Liberación moral -- La excitación del político -- Sensibilidad del político -- El pensamiento político -- Descrédito de los partidos políticos -- Adhesión política -- Racionalidad de los partidos -- La seguridad política -- Prestancia política -- Conceptos políticos. |
| 505 0# - NOTA DE CONTENIDO CON FORMATO |
| Nota de contenido con formato |
La gestión política -- Escisión política -- Excitación desfavorables del político -- Aspiración del éxito -- La unión -- Desarrollo moral -- Moderación política -- Lasitud del político -- Concertación o conciliciación política -- Apertura de los partidos -- Proselitismo -- El líder y el liderazgo -- Los pensadores -- Sociología política -- La pasión política -- La creatividad y el desarrollo -- Un régimen ideal -- Situaciones de hecho -- Propuestas convencionales -- La postulación -- El futuro candidato -- Las manifestaciones políticas -- Participación de partidos en elecciones -- El fraude electoral -- La compraventa del voto -- Corrupción, política y democracia -- La concertación -- Estado de derecho -- La comunicación y la práctica política -- La comprensión --Bibliografía. |
| 590 ## - NOTA LOCAL (RLIN) |
| Nota local |
Inventariado, 2018/MFF |
| 650 #0 - PUNTO DE ACCESO ADICIONAL DE MATERIA--TÉRMINO DE MATERIA |
| Término de materia o nombre geográfico como elemento de entrada |
Ética política |
| 9 (RLIN) |
1332 |
| 650 #4 - PUNTO DE ACCESO ADICIONAL DE MATERIA--TÉRMINO DE MATERIA |
| Término de materia o nombre geográfico como elemento de entrada |
Actitudes políticas |
| 9 (RLIN) |
6490 |
| 700 1# - PUNTO DE ACCESO ADICIONAL--NOMBRE DE PERSONA |
| Nombre de persona |
Read Vittini, Mario, |
| Fechas asociadas al nombre |
1926-2010 |
| Término indicativo de función/relación |
pról. |
| 9 (RLIN) |
1841 |
| 830 #0 - PUNTO DE ACCESO ADICIONAL DE SERIE-TÍTULO UNIFORME |
| Título uniforme |
Vaganiona |
| 9 (RLIN) |
755 |
| 910 ## - DATOS DE OPCIÓN DEL USUARIO (OCLC) |
| Datos de opción del usuario |
Jornada de catalogación |